Ricostruisci la Carriera del Calciatore - André Gomes - Statistics

Statistiche generali
  • Questo quiz è stato fatto 13 volte
  • Il punteggio medio è 6 su 7
Statistiche sulle risposte
Hint Risposta % Corretto
2013-2014 Benfica
100%
2012-2013 Benfica B
100%
2018-2022 Everton
88%
2016-2018 Barcellona
75%
2022-2023 Lilla
75%
2014-2016 Valencia
75%
2023- Everton
38%
Nessun quiz corrispondente trovato
Distribuzione punteggi
Percentuale di utenti per punteggio
Percentile per numero di risposta
I tuoi punteggi nel tempo
Non hai fatto questo quiz